Unità tassonomiche - Statistics

Statistiche generali
  • Questo quiz è stato fatto 20 volte
  • Il punteggio medio è 7 su 8
Statistiche sulle risposte
Indizio Risposta % Corretto
Canidi Famiglia
100%
Canis Aureus Specie
100%
Animalia Regno
95%
Cordati Phylum
89%
Mammiferi Classe
84%
Carnivori Ordine
84%
Eukaryota Dominio
74%
Canis Genere
74%
Nessun quiz corrispondente trovato
Distribuzione punteggi
Percentuale di utenti per punteggio
Percentile per numero di risposta
I tuoi punteggi nel tempo
Non hai fatto questo quiz